000 00334nam a2200145Ia 4500
005 20251222175922.0
008 251222s9999||||xx |||||||||||||| ||spa||
020 _a8434808358
082 _a823.91/T77
100 _aTownsend, John R.
245 0 _aEl Castillo de NoƩ
250 _a4ta.ed.
264 _bEdiciones SM
942 _cLIB
999 _c40719
_d40719